LIBRARY ONLINE CATALOGUE

Advanced macroeconomics / (Record no. 3398)

MARC details
000 -LEADER
fixed length control field 00570nam a22002052 4500
001 - CONTROL NUMBER
control field 0000009229
005 - DATE AND TIME OF LATEST TRANSACTION
control field 20151217145847.0
008 - FIXED-LENGTH DATA ELEMENTS--GENERAL INFORMATION
fixed length control field 080912s xx 000 0 eng d
020 ## - INTERNATIONAL STANDARD BOOK NUMBER
International Standard Book Number 0072877304 :
Terms of availability KES 6800
040 ## - CATALOGING SOURCE
Original cataloging agency KABU
Transcribing agency KABU
100 1# - MAIN ENTRY--PERSONAL NAME
Personal name Romer, David.
-- 0000160329
245 10 - TITLE STATEMENT
Title Advanced macroeconomics /
Statement of responsibility, etc. David Romer.
250 ## - EDITION STATEMENT
Edition statement 3rd ed.
260 ## - PUBLICATION, DISTRIBUTION, ETC. (IMPRINT)
Place of publication, distribution, etc. Boston :
Name of publisher, distributor, etc. McGraw-Hill,
Date of publication, distribution, etc. 2006.
300 ## - PHYSICAL DESCRIPTION
Extent xvii, 678 p.
650 #0 - SUBJECT ADDED ENTRY--TOPICAL TERM
Topical term or geographic name as entry element Macroeconomics.
-- 0000149933
908 ## - PUT COMMAND PARAMETER (RLIN)
Put command parameter 080912
950 ## - LOCAL HOLDINGS (RLIN)
-- 1
Holdings
Withdrawn status Lost status Source of classification or shelving scheme Not for loan Home library Current library Date acquired Total Checkouts Total Renewals Full call number Barcode Date last seen Date last checked out Price effective from Koha item type
    Library of Congress Classification   Kabarak, Main Campus Kabarak, Main Campus 17/12/2015 5 1 HB172.5 .R66 2006 c. 1 009130 02/08/2024 23/03/2022 17/12/2015 General Collection